Länder Westasiens - Statistiken

Allgemein
  • Dieses Quiz wurde 23 mal gespielt
  • Das Durchschnittsergebnis liegt bei 15 aus 19
Antwortstatistiken
Land % Korrekt
Israel
95%
Türkei
95%
Armenien
91%
Irak
91%
Iran
91%
Georgien
86%
Jordanien
86%
Saudi-Arabien
86%
Jemen
82%
Zypern
82%
Aserbaidschan
77%
Libanon
77%
Syrien
77%
Vereinigte Arabische Emirate
77%
Katar
73%
Kuwait
73%
Oman
73%
Bahrain
68%
Ägypten
45%
Keine übereinstimmenden Quizze gefunden
Verteilung der Resultate
Anzahl Personen mit jedem Resultat
Perzentil nach korrekt beantworteten Fragen
Ihre Resultats-Entwicklung
Sie haben dieses Quiz noch nicht gespielt